000 00805nam a2200205 a 4500
008 120416s1967 ||||||||||||||||| || u
050 _aHD 6953 Soc
100 _aChild, J
245 1 4 _aThe sociology of industry
_cby S. R. Parker (and others)
260 _aLondon:
_bAllen and Unwin
_c1967
300 _axii, 182p.
350 _a0.00
650 _aINDUSTRY--SOCIAL ASPECTS
650 _aINDUSTRY
700 _aBrown, R. K
700 _aSmith, M. A
700 _aParker, S. R
995 _aMAIN LIBRARY OPEN ACCESS
_D0.00
_e066864
_FCBU-MAIN LIBRARY (Kitwe)
_H1
_I31.25
_jHD 6953 Soc
_M2
_UAVAILABLE
_y003662
_ZMain Library Open Access Collection
995 _aMAIN LIBRARY OPEN ACCESS
_D0.00
_e727255
_FCBU-MAIN LIBRARY (Kitwe)
_H2
_I31.25
_jHD 6953 Soc
_M1
_UAVAILABLE
_y015478
_ZMain Library Open Access Collection
999 _c76613
_d76613